01000nam a22002417a 45000010005000000030008000050050017000130080041000300200017000710350018000880400026001060410008001320820027001401000036001672450220002032600050004233000030004735040019005036500050005229420012005729990015005849520159005992639BD-RjUL20211208233608.0160927s1969 p |||| |||| 001 0 eng d c: PRs. 12.00 a(BD-RjUL)2666 aBD-RjULbengcBD-RjUL aeng a346.01509549bCHL 1969 aChughtie, Ghayas-Ud-Din9157931 aLaw of Family and Conciliation Courts with Shariat Application laws :bbeing most uptodate statement of All laws Connected with family courts, Conciliation courts and shariat application /cby Ghayas-Ud-Din Chughtie aLahore :bPakistan Legal Publications,,c1969 a140, 82, 105 p. ;c22 cm. aIncludes Index aDomestic relations courtszPakistan. 9142117 2ddccBK c2639d2639 00102ddc40718NFICaRUCLbRUCLcReadingd1974-02-07eWarri, Book Corporationg12.00l0o346.01509549 CHL 1969r2016-09-27 00:00:00tC-1w2021-12-08yBK